Państwa, które graniczyły z Polską w 1930 - nagła śmierć - Statystyki

Ogólne statystyki
  • Ten quiz został rozwiązany 290 razy
  • Średni wynik to 4 z 7
Answers on the Grid
Answers color-coded by a green-red scale on the quiz's grid according to % correct below.
Związek Radziecki
Republika Weimarska
Łotwa
Litwa
Czechosłowacja
Rumunia
Wolne Miasto Gdańsk
Estonia
Dania
3 Rzesza
Litwa Środkowa
Jugosławia
Wolne Miasto Wilno
Ukraina
Węgry
Austria
 
Statystyki odpowiedzi
Odpowiedź % Poprawnych
Związek Radziecki
71%
Wolne Miasto Gdańsk
68%
Czechosłowacja
63%
Litwa
53%
Rumunia
43%
Republika Weimarska
38%
Łotwa
32%
Nie znaleziono quizów pasujących do podanych kryteriów
Rozkład punktacji
Procent ludzi z każdym wynikiem
Percentyl według liczby udzielonych odpowiedzi
Twoja historia wyników
Nie rozwiązałeś tego quizu